LEADER 00825nam0-22003011i-450- 001 990001655180403321 005 20050429110715.0 035 $a000165518 035 $aFED01000165518 035 $a(Aleph)000165518FED01 035 $a000165518 100 $a20030910d1957----km-y0itay50------ba 101 0 $aita 200 1 $aCatasto ex-austriaco e libro fondiario$fArrigo Velicogna 210 $aTrieste$cGraf. Smolars$d1957 215 $a88 p.$d24 cm 610 0 $aEstimo civile 610 0 $aEstimo rurale 676 $a333.335 676 $a333.337 700 1$aVelicogna,$bArrigo$0353863 801 0$aIT$bUNINA$gRICA$2UNIMARC 901 $aBK 912 $a990001655180403321 952 $a60 631.16 B 24$b37337$fFAGBC 959 $aFAGBC 996 $aCatasto ex-austriaco e libro fondiario$9373034 997 $aUNINA LEADER 01117nam a22003135i 4500 001 991002240569707536 007 cr nn 008mamaa 008 121227s1992 de | s |||| 0|eng d 020 $a9783540474975 035 $ab14143070-39ule_inst 040 $aBibl. Dip.le Aggr. Matematica e Fisica - Sez. Matematica$beng 082 04$a515$223 084 $aAMS 46A20 084 $aAMS 47D03 084 $aAMS 47D06 100 1 $aNeerven, Jan$0478911 245 14$aThe adjoint of a semigroup of linear operators$h[e-book] /$cby Jan Neerven 260 $aBerlin :$bSpringer,$c1992 300 $a1 online resource (x, 195 p.) 440 0$aLecture Notes in Mathematics,$x0075-8434 ;$v1529 650 0$aMathematics 650 0$aGlobal analysis (Mathematics) 773 0 $aSpringer eBooks 856 40$uhttp://dx.doi.org/10.1007/BFb0085008$zAn electronic book accessible through the World Wide Web 907 $a.b14143070$b03-03-22$c05-09-13 912 $a991002240569707536 996 $aAdjoint of a semigroup of linear operators$9262380 997 $aUNISALENTO 998 $ale013$b05-09-13$cm$d@ $e-$feng$gde $h4$i0